Top 3 NBA 2K21 Current Players by College: ACC - Statistics

General Stats
  • This quiz has been taken 13 times
  • The average score is 19 of 40
Answer Stats
College Player Rating % Correct
Wake Forest Chris Paul 88
100%
Duke Kyrie Irving 91
100%
Syracuse Carmelo Anthony 79
91%
Louisville Donovan Mitchell 88
91%
Syracuse Michael Carter-Williams 74
82%
Florida State Patrick Williams 76
82%
Boston College Reggie Jackson 77
82%
North Carolina Coby White 79
73%
NC State Dennis Smith Jr. 76
73%
Wake Forest James Johnson 77
73%
Virginia Tech Dorian Finney-Smith 73
64%
Duke Jayson Tatum 90
64%
Virginia Joe Harris 79
64%
Louisville Montrezl Harrell 82
64%
Duke Zion Williamson 89
64%
Virginia De'Andre Hunter 81
55%
Wake Forest John Collins 84
55%
Virginia Malcolm Brogdon 84
55%
Pittsburgh Steven Adams 80
55%
NC State T.J. Warren 84
55%
North Carolina Harrison Barnes 80
45%
Syracuse Jerami Grant 83
45%
Florida State Jonathan Isaac 82
45%
Virginia Tech Nickeil Alexander-Walker 76
45%
Notre Dame Pat Connaughton 76
45%
Georgia Tech Thaddeus Young 81
36%
North Carolina Cameron Johnson 78
27%
Pittsburgh Cameron Johnson 78
27%
Georgia Tech Derrick Favors 80
27%
Miami Lonnie Walker IV 75
27%
Florida State Devin Vassell 76
18%
Boston College Jared Dudley 71
18%
Boston College Jerome Robinson 72
18%
Florida State Malik Beasley 81
18%
NC State Caleb Martin 74
9%
Georgia Tech Josh Okogie 73
9%
Louisville Terry Rozier III 82
9%
Miami Bruce Brown Jr. 77
0%
NC State Cody Martin 74
0%
Pittsburgh Khem Birch 76
0%
No matching quizzes found
Score Distribution
Percent of People with Each Score
Percentile by Number Answered
Your Score History
You have not taken this quiz